000 00286nam a2200121Ia 4500
005 20251222141819.0
008 251222s9999||||xx |||||||||||||| ||spa||
020 _a978-958-625-653-7
082 _a231/C76
245 0 _aAparecida:
264 _bConferencia Episcopal Peruana
942 _cLIB
999 _c6750
_d6750